| 000 | 00596nam a22002177a 4500 | ||
|---|---|---|---|
| 003 | UA-OsUOA | ||
| 001 | 87229 | ||
| 007 | ta | ||
| 008 | 20120915b un ||||| |||| 00| 0 ukr d | ||
| 090 |
_a82.09 _bО-77 |
||
| 942 | _cBK | ||
| 040 |
_aUA-OsUOA _brus _cUA-OsUOA _dUA-OsUOA |
||
| 245 |
_aА. Н. Островский в русской критике _cРед. Владыкин Г. |
||
| 300 | _a449 с. | ||
| 955 | _a1 | ||
| 041 | _arus | ||
| 080 | _a82.09 | ||
| 260 |
_aМ. _bГИХЛ _c1953 |
||
| 650 | 7 |
_a82 Література. Літературознавство _2UDC |
|
| 999 |
_c373520 _d373520 |
||